00481 2200181 4500001002100000008004100021035002000062245005300082100002600135250000600161260003000167300002500197020002200222084001400244082000800258650001800266990001500284INLIS000000000003387 ind  a0010-0526000010 aX-Press TKA Bahasa InggriscWaskito Imam Nugroho aNugroho, Waskito Imam a2 aJakarta :bErlanggac2026 a95 hlmc21 x 25.5 cm a978-623-522-810-5 a420 WAS x a420 aBahasa Inggis a20116/B/26